Manual de procedimiento constitucional

Shranjeno v:
Bibliografske podrobnosti
Main Authors: Silva Montes, Rodrigo (Author), Vega Méndez, Francisco (Author)
Format: Knjiga
Jezik:španščina
Izdano: Santiago Jurídica de Chile 2015
Izdaja:1a. ed
Teme:
Oznake: Označite
Brez oznak, prvi označite!

MARC

LEADER 00000cam a2200000 a 4500
001 UCE8614
003 CL-VaPUC
008 150820e20150000cl |||||||||||||||||spa|d
020 |a 9789561023550 
082 0 4 |a 342.83  |b SIL  |2 21 
100 0 |a Silva Montes, Rodrigo  |e author  |9 581337 
700 0 |a Vega Méndez, Francisco  |e author  |9 581338 
245 1 0 |a Manual de procedimiento constitucional 
250 |a 1a. ed 
300 |a 192 p 
942 |c BK 
945 |d 20150820 22:36:00  |a dcastane 
260 |a Santiago  |b Jurídica de Chile  |c 2015 
650 0 |a Derecho constitucional   |9 222588 
650 7 |a CONSTITUCIONALIDAD  |2 CL-VaPUC  |9 255951 
650 0 |a Jurisprudencia  |9 255952 
583 |a last modification  |c 20150820 22:36:00  |k Rodrigo Vera 
999 |c 360411  |d 360409 
952 |0 0  |1 0  |3 erb  |4 0  |6 342_830000000000000_SIL_2015  |7 0  |8 A  |9 470211  |a BIBDER  |b BIBDER  |i 519475K  |l 1  |o 342.83 SIL 2015  |p 519475K  |r 2023-08-28  |s 2023-08-16  |w 2019-11-23  |y BK  |z Catalogado en:20150820  |k DER